000 00855nam a2200229 a 4500
005 20060818091510.0
008 050907s2005 ii av 000 0 eng
010 _aENG-93243
020 _c55.00
_a8177355597
020 _c55.00
_a9788177355598
035 _aEN-76776
037 _bDBAD / PUB
040 _adpl
_bEnglish
082 _a342.54085
100 _aGomathi, G.
245 _aConstitutional remedies for minority people in India /
_cby G. Gomathi
260 _aChennai
_bPavai Publications
_c2008
270 _a142, Jani Jan Khan Road, Royapettah,
_bChennai
_e600014
300 _a106p.
_c20 cm (pbk)
942 _2ddc
_cEN
_mGOM
_h342.54085
999 _c25383
_d25383